| 000 | 00964nam a22002417a 4500 | ||
|---|---|---|---|
| 001 | BD-DhSAU 2041 | ||
| 003 | BD-DhSAU | ||
| 005 | 20150126102631.0 | ||
| 008 | 150126b1989 a||||r|||| 000 0 d | ||
| 040 | _aBD-DhSAU | ||
| 082 |
_222 _a৫৩২ _bইসফ্লু |
||
| 100 | _aইসলাম, মোঃ কামরুল | ||
| 245 |
_aফ্লুয়িড বলবিদ্যা / _cমোঃ কামরুল ইসলাম এবং ওবায়দুল ইসলাম |
||
| 250 | _a১ম সংস্করণ। | ||
| 260 |
_aঢাকা : _bবাংলা একাডেমী , _c১৯৮৯. |
||
| 300 |
_axi, ৩৯৬ পৃ. : _bচিত্র ; _c২২ সেমি। |
||
| 590 | _ajoy | ||
| 650 | _aকৃষি প্রকৌশল। | ||
| 650 | _aAgricultural Engineering. | ||
| 650 | _aফ্লুয়িড। | ||
| 650 | _aবলবিদ্যা। | ||
| 700 | _aইসলাম, ওবায়দুল | ||
| 942 |
_2ddc _cBOOK |
||
| 999 |
_c2041 _d2041 |
||